01195nam a2200289 a 450000100100000000500170001000800410002702000180006804000250008608200180011110000350012924500910016425000110025526000450026630000280031150000550033950400360039465000190043065000310044965000300048004900090051004900090051995201220052895201160065095201220076699900170088800003593920200930074734.0090716s2011 dr a 000 0 spa d a9789945410495 aDO-SdBNPbspacBNPHU a808.51bH465o1 aHeidelman, Julio Alberto9116910aOratoria contemporánea :bdisfrute hablando en público /cJulio Alberto Heidelman. a2a ed. aSanto Domingo :bLetra gráfica,c2011. a151 p. :bil. ;c22 cm. aIncluye datos biográfocos del autor en la solapa aIncluye bibliográfia (p. 151) 4aOratoria91172 4aComunicación oral912102 4aHablar en público98143 aBNPD aBNPD 0010718DSaGRbGRcCTd2011-11-17iLF1l0o808.51 H465op35939-30r2020-06-25te. 3w2020-06-25yLFDSZNo se presta 0010718PDaPDbPDcCTd2011-11-17iLF1l0o808.51 H465op35939-10r2020-06-25w2020-06-25yLFPDZNo se presta 0010718PDaPDbPDcCTd2011-11-17iLF1l0o808.51 H465op35939-20r2020-06-25te. 2w2020-06-25yLFPDZNo se presta c35430d35430